ნორმალური ფორმატი
MARC ფორმატი
ჩანაწერი Corporate Name
ჩანაწერთა რაოდენობა, რომელიც გამოყენებულია: 1
001 - CONTROL NUMBER
- control field: 19180
003 - CONTROL NUMBER IDENTIFIER
- control field: GE_BSU
005 - DATE AND TIME OF LATEST TRANSACTION
- control field: 20230706151853.0
008 - FIXED-LENGTH DATA ELEMENTS
- fixed length control field: 230706|| aca||aabn | a|a d
040 ## - CATALOGING SOURCE
- Original cataloging agency: GE_BSU
- Transcribing agency: GE_BSU
110 ## - HEADING--CORPORATE NAME
- Corporate name or jurisdiction name as entry element: საქართველოს ეროვნული მუზეუმი. ოთარ ლორთქიფანიძის არქეოლოგიური ცენტრი.
670 ## - SOURCE DATA FOUND
- Source citation: Work cat.: (GE_BSU): გამყრელიძე, გელა. 19179, ქართული არქეოლოგიის კვალდაკვალ = In the path of Georgian Archaeology :
